000 nam a22 a 4500
999 _c469654
_d469654
003 BLK
005 20220808114011.0
008 180409b bul|||||r ||||||| ||bul||
040 _aBLK
041 _aBUL
_cBUL
080 _aЛибрето. Пояснителни текстове
_b78.089.1
_z78.089.1
245 1 0 _aАида
_b[Либрето] : Опера в 4 д. от Джузепе Верди
_cтекст от Антонио Гисланцони ; прев. и обраб. според нем. текст на Юлиус Шанц от Р. Р. [Владислав Шак]
257 _aBGR
260 _aСофия
_bПридворна пeч.
_c1896
_9441842
300 _a48 с.
_c17 см
380 _a7
490 _9479035
_aБиблиотека на оперни текстове
_v№ 1
490 _9435080
_aКолекция Редки и ценни издания
650 0 _9276882
_aОпери - либрета
653 7 _aлибрета
_9189876
700 1 _9142535
_aШак, Владислав
_eпрев. и обраб.
700 1 _aГизланцони, Антонио
_eтекст
_9479036
852 _aРб 896
_bРц
942 _cKNG
_n0
_s1
944 _aCR
_kНР
999 _d469654